header

Envy and gratitude revisited (Record no. 231636)

MARC details
000 -LEADER
fixed length control field 01359nam a2200337Ia 4500
245 00 - TITLE STATEMENT
Title Envy and gratitude revisited
260 ## - PUBLICATION, DISTRIBUTION, ETC. (IMPRINT)
Place of publication London :
Name of publisher Karnac,
Year of publication 2008.
300 ## - PHYSICAL DESCRIPTION
Number of Pages xvii, 252 p. :
Other physical details port.
490 1# - SERIES STATEMENT
Series statement Psychoanalytic ideas and applications series
650 #0 - SUBJECT ADDED ENTRY--TOPICAL TERM
Topical Term Envy.
Topical Term Gratitude.
700 1# - ADDED ENTRY--PERSONAL NAME
Personal name Roth, Priscilla Lenore.
Personal name Lemma, Alessandra.
856 40 - ELECTRONIC LOCATION AND ACCESS
Uniform Resource Identifier http://site.ebrary.com/lib/rucke/Doc?id=10463842

No items available.

© 2026 Rongo University
Contact us: librarian | system librarian | Rongo university